00842nam a2200253 i 450000100060000000300090000600500170001500700030003200800410003502000180007608000230009408000230011710000230014024501870016326000370035030000300038749000260041770000220044370000220046570000200048770000220050783000260052985200330055515064ES-MaACL20230906150957.0t|991215s1999 sp ||||1| spa d a84-339-2378-1 a821.111(73)-14"19" a821.111(73)-94"19"1 aBukowski, Charles.10aShakespeare nunca lo hizo / cCharles Bukowski ; traducción del texto en prosa de Laura Sanjuán y Jordi de Miguel ; traducción de los poemas de Txaro Santoro y Cecilia Ceriani. aBarcelona : bAnagrama, c[1999] a160 p. : bil. ; c22 cm.1 aContraseñas ; v1781 aSanjuán, Laura.1 aMiguel, Jordi de.1 aSantoro, Txaro.1 aCeriani, Cecilia.0 aContraseñas ; v178 aES-MaACLjL-22435 bR.127636